Cryptography and Network Security (Record no. 5663)
[ view plain ]
| 000 -LEADER | |
|---|---|
| fixed length control field | 00371nam a2200145Ia 4500 |
| 008 - FIXED-LENGTH DATA ELEMENTS--GENERAL INFORMATION | |
| fixed length control field | 191201s2005 xx 000 0 und d |
| 082 ## - DEWEY DECIMAL CLASSIFICATION NUMBER | |
| Classification number | 005.82 |
| Item number | KAC |
| 100 ## - MAIN ENTRY--PERSONAL NAME | |
| Personal name | KAHATE, Atul |
| 245 #0 - TITLE STATEMENT | |
| Title | Cryptography and Network Security |
| 250 ## - EDITION STATEMENT | |
| Edition statement | Rep |
| 260 ## - PUBLICATION, DISTRIBUTION, ETC. (IMPRINT) | |
| Place of publication, distribution, etc | N.Delhi |
| Name of publisher, distributor, etc | Tata mc Graw Hill Pubg. co. Ltd |
| Date of publication, distribution, etc | 2005 |
| 300 ## - PHYSICAL DESCRIPTION | |
| Extent | 498 |
| 650 ## - SUBJECT ADDED ENTRY--TOPICAL TERM | |
| Topical term or geographic name as entry element | B.Tech(CSE) |
| 942 ## - ADDED ENTRY ELEMENTS (KOHA) | |
| Source of classification or shelving scheme | Dewey Decimal Classification |
| Koha item type | Text Books |
| 942 ## - ADDED ENTRY ELEMENTS (KOHA) | |
| -- | 6 |
| Withdrawn status | Lost status | Source of classification or shelving scheme | Damaged status | Not for loan | Collection code | Home library | Current library | Date acquired | Source of acquisition | Cost, normal purchase price | Bill Number | Total Checkouts | Full call number | Acc. no. / Barcode | Date last seen | Date last borrowed | Bill Date | Koha item type | Checked out |
|---|---|---|---|---|---|---|---|---|---|---|---|---|---|---|---|---|---|---|---|
| Dewey Decimal Classification | B.Tech(CSE) | PIET C-LIBRARY | PIET C-LIBRARY | 09/05/2013 | IBH, New Delhi | 450.00 | 1021 | 1 | 005.82 KAC | 21955 | 31/01/2023 | 22/11/2022 | 06/05/2013 | Text Books | |||||
| Dewey Decimal Classification | B.Tech(CSE) | PIET C-LIBRARY | PIET C-LIBRARY | 09/05/2013 | IBH, New Delhi | 450.00 | 1021 | 4 | 005.82 KAC | 21956 | 02/07/2024 | 24/02/2024 | 06/05/2013 | Text Books | |||||
| Dewey Decimal Classification | B.Tech(CSE) | PIET C-LIBRARY | PIET C-LIBRARY | 09/05/2013 | IBH, New Delhi | 450.00 | 1021 | 7 | 005.82 KAC | 21957 | 02/02/2026 | 20/01/2026 | 06/05/2013 | Text Books | |||||
| Dewey Decimal Classification | B.Tech(CSE) | PIET C-LIBRARY | PIET C-LIBRARY | 09/05/2013 | IBH, New Delhi | 450.00 | 1021 | 005.82 KAC | 21958 | 11/12/2019 | 06/05/2013 | Text Books | |||||||
| Dewey Decimal Classification | B.Tech(CSE) | PIET C-LIBRARY | PIET C-LIBRARY | 09/05/2013 | IBH, New Delhi | 450.00 | 1021 | 1 | 005.82 KAC | 21959 | 06/11/2020 | 06/11/2020 | 06/05/2013 | Text Books | 20/11/2020 |